000 00917nam a2200253Ia 4500
003 OSt
005 20220923211519.0
006 a|||||r|||| 00| 0
007 ta
008 220922b |||||||| |||| 00| 0 hin d
020 _a9789380565156 (hbk)
_c700
024 _a245,540
037 _b441, 03/02/2011, Eastern Book Linkers
_cTextual
040 _aARTS
_cARTS
_bhin
041 _2hin
_ahin
082 _aQ1:g(Y), 152Q1
100 _aइन्दिरा कुमार
_9156369
245 0 _aवेद - वर्णित भारतीय समाज
246 _aVed - varṇit bhāratīya samāja
260 _aदिल्ली
_b प्रशान्त पब्लिशिगं हाउस
_c2011
300 _a310पृ.
_ccm.
942 _hQ1:g(Y), 152Q1
_cTEXL
_2CC
999 _c300294
_d300294